|
|
|
|
| LEADER |
00000nab a2200000 a 4500 |
| 001 |
vtls011548029 |
| 003 |
SK-MaSNL |
| 005 |
20260304074752.0 |
| 008 |
160426c2016 xo mr p 000 c0ukr |
| 015 |
|
|
|a SNBRB2016/04
|
| 038 |
|
|
|a SVKPOCL
|
| 040 |
|
|
|a SVKPOCL
|b slo
|c SVKPOCL
|e AACR2
|
| 041 |
0 |
|
|a ukr
|
| 044 |
|
|
|a xo
|c SK
|
| 080 |
|
|
|a 80(=16)+908(4)
|2 2011
|
| 080 |
|
|
|a 80(=161.25)+908(437.6)
|2 2011
|
| 080 |
|
|
|a 821.161.25
|2 2011
|
| 080 |
|
|
|a 821.161.25(477)-1
|2 2011
|
| 100 |
1 |
|
|a Petrovcij, Ivan,
|d 1945-2016
|4 aut
|9 162694
|
| 245 |
1 |
0 |
|a Spivanka proščalna
|c Ivan Petrovcij
|
| 650 |
0 |
7 |
|a rusínska literatúra
|z Ukrajina
|2 svkpocl
|9 1088322
|
| 650 |
0 |
7 |
|a slavistika
|2 svkpocl
|9 4282
|
| 650 |
0 |
7 |
|a rusinistika
|2 svkpocl
|9 90871
|
| 650 |
0 |
7 |
|a rusínska poézia
|z Ukrajina
|2 svkpocl
|9 1090883
|
| 651 |
|
7 |
|a Ukrajina
|2 svkpocl
|9 168045
|
| 651 |
|
7 |
|a Osij (Ukrajina)
|2 svkpocl
|9 1268086
|
| 655 |
|
7 |
|a rusínska poézia
|2 svkpocl
|9 70717
|
| 773 |
0 |
|
|t Narodnŷ novynkŷ
|g Roč. XXVI, č. 1 (2016), s. 2
|x 1339-5505
|
| 852 |
|
|
|a SVKPO
|b KIS3GCP
|
| 856 |
4 |
1 |
|u http://narodny-novynky.presov.sk
|
| 856 |
4 |
1 |
|u http://www. rusynacademy.sk
|
| 958 |
|
|
|a RN
|
| 958 |
|
|
|a UK
|
| 958 |
|
|
|a UA
|
| 958 |
|
|
|a SS
|
| 999 |
|
|
|c 2777919
|d 2779849
|